Algebraické metody diskrétní matematiky

Salvato in:
Dettagli Bibliografici
Autore principale: Kučera, Luděk
Altri autori: Nešetřil, Jaroslav
Natura: Libro
Lingua:ceco
Pubblicazione: Praha Státní nakladatelství technické literatury 1989
Edizione:1. vyd.
Serie:Teoretická knižnice inženýra
Tags: Aggiungi Tag
Nessun Tag, puoi essere il primo ad aggiungerne!!

MARC

LEADER 00000nam a2200000 4500
001 c040004
005 20221215115716.3
041 0 |a cze 
044 |a CZ 
245 1 0 |a Algebraické metody diskrétní matematiky  |c Luděk Kučera, Jaroslav Nešetřil 
250 |a 1. vyd. 
264 1 |a Praha  |b Státní nakladatelství technické literatury  |c 1989 
300 |a 291 s. 
490 1 |a Teoretická knižnice inženýra 
830 0 |a Teoretická knižnice inženýra 
100 1 |a Kučera, Luděk 
700 1 |a Nešetřil, Jaroslav